000
00228nam a2200109Ia 4500
008
201217s9999 xx 000 0 und d
100
_a
UNESCO
245
0
_a
Study abroad
260
_a
Paris
_b
UNESCO
300
_a
1088
942
_c
BK
999
_c
7795
_d
7795